00880nam a2200229 a 450000100100000000500170001000800410002702000150006804000250008310000270010824000720013524501170020726000440032430000210036849000300038950000220041970000400044183000370048104900090051895201060052799900170063300003417120200930070833.0110926s1995 es 000 0 spa d a8449305888 aDO-SdBNPbspacBNPHU1 aGardner, Howard95959310aTítulo original:kMultiple intelligences. The theory in practice.10aInteligencias múltiples :bla teoría en la práctica /cHoward Gardner ; traduccíon de Ma. Teresa Malero. aBarcelona :bEdiciones Paidós,c1995. a313 p. ;c24 cm.1 aPaidós transicionesv12 aIncluye índice.1 aMalero, María Teresa,etr.959594 0aPaidós transicionesv12959595 aBNPD 0010507-18MOaGRbGRcOId2011-09-26iLF1l0o p34171-10r2020-06-25w2020-06-25y1ZNo se presta c33662d33662